000 00392nam a2200145Ia 4500
008 240624s9999 xx 000 0 und d
041 _aeng
082 _a332.6 MIL
100 _aMILLER ROGER LEROY
245 _aECONOMIC EDUCATION FOR CONSUMERS
250 _a(4th ed.)
260 _c2010
_aAustralia
_bSouth-Western Cengage Learning
300 _axxi, : 632 : p. : cm. ; 27
365 _c
_b30
999 _c14931
_d14931